| 000 | 00546nam a2200193 a 4500 | ||
|---|---|---|---|
| 005 | 20240418063717.0 | ||
| 008 | 991125s1970 bar 000 0 spa u | ||
| 035 | _aUPN01000046616 | ||
| 049 | _aCG | ||
| 050 | 4 |
_aBV1534.2 _bF4.68 |
|
| 100 | 1 | _aFeifel, Erich | |
| 245 | 1 | 3 |
_aEl problema pedagógico de la incredulidad / _cErich Feifel ; tr. Eloy Requena. |
| 260 |
_aBarcelona, Esp. : _bHerder, _c1970. |
||
| 300 | _a202 p. | ||
| 650 | 4 |
_aATEISMO _98522 |
|
| 650 | 4 |
_aCATEQUESIS _96509 |
|
| 650 | 4 |
_aEducación religiosa _919070 |
|
| 905 | _aLibro | ||
| 999 |
_c46616 _d46616 |
||